000 00764na a2200253 4500
001 15051
003 MIRAKIL
005 20181213154910.0
008 160917b tu 000 0
020 _a9786055117764
035 _a15017
040 _aMilas
_btur
_cTR-AnCHP
082 _a923.8 Şatır,M.
_bŞ27v 2015
090 _a923.8 Şatır,M. Ş27v 2015
100 _aŞatır, Mahmut
245 _aVicdanımın sesi
_bBir harita-kadastro mühendisinin anıları
_cMahmut Şatır
246 _aBir harita-kadastro mühendisinin anıları
260 _aİzmir
_bEtki Yayınları
_c2015
300 _a288 s.
_bres.
_c19 sm.
490 _aEtki Yayınları
_v574
600 _aŞatır, Mahmut
_xAnılar
650 _aMühendisler
_xAnılar
942 _2ddc
_cBKS
999 _c2825
_d2825